| 000 | 00902 a2200205 4500 | ||
|---|---|---|---|
| 001 | 27093 | ||
| 005 | 20260407155548.0 | ||
| 008 | 260407a1972 arg spa d | ||
| 003 | AR-UNSa-BCEJYS | ||
| 040 |
_aAR-UNSa-BCEJYS _bspa _cAR-UNSa-BCEJYS |
||
| 080 |
_a347.736 _xQuiebra. Insolvencia. Suspensión de pagos. Bancarrota, procedimientos. Derecho Concursal |
||
| 245 | 1 | 0 |
_aLey de concursos _pcomentada y anotada ley 19.551 |
| 264 | 1 |
_aBuenos Aires : _bAstrea _c1972 |
|
| 300 |
_a283 p. _c24 cm. |
||
| 505 | _aParte I: De los concursos comerciales 1. Principios generales - 2. Concurso preventivo - 3. Quiebra - 4. Concurso en caso de liquidación administrativa - 5. Disposiciones comunes - Parte II: De los concursos civiles - Parte III: Disposiciones complementarias y transitorias. | ||
| 041 | _aspa | ||
| 942 | _cBK | ||
| 590 | _aniveau_biblio:m niveau_hierar:0 | ||
| 100 | 1 | _aFassi, Santiago C. | |
| 999 |
_c1541 _d1541 |
||